[Event "Niedersachsen-ch U18"]
[Site "Rotenburg"]
[Date "2009.04.07"]
[Round "5"]
[White "Delekat, Julian"]
[Black "Kessler, Marcel"]
[Result "0-1"]
[WhiteElo "1315"]
[BlackElo "1847"]
[PlyCount "78"]
[EventDate "2009.04.04"]
[EventType "swiss"]
[EventRounds "9"]
[EventCountry "GER"]
[SourceTitle "EXT 2010"]
[Source "ChessBase"]
[SourceDate "2010.11.25"]
[SourceVersion "1"]
[SourceVersionDate "2010.11.25"]
[SourceQuality "1"]

1. d4 d5 2. c4 e6 3. Nc3 Nf6 4. Bg5 c6 5. e3 Nbd7 6. Nf3 Bd6 7. Qc2 0-0 8. cxd5 exd5 9. Bd3 Re8 10. 0-0 Nf8 11. Rae1 Bg4 12. Nd2 Be6 13. f3 h6 14. Bh4 g5 15. Bg3 Bxg3 16. hxg3 Qd6 17. Kf2 Nh5 18. Ne2 Nf6 19. Rh1 Kg7 20. Rh2 Ng6 21. Reh1 Rh8 22. Ng1 Rac8 23. Qc5 Qxc5 24. dxc5 b6 25. Nb3 Ne5 26. Be2 Ned7 27. cxb6 axb6 28. Nh3 c5 29. Rc1 Rhe8 30. Rhh1 Ra8 31. Ra1 Ra7 32. Nd2 c4 33. Rhc1 b5 34. b3 Nc5 35. bxc4 bxc4 36. Kf1 Rea8 37. f4 Rxa2 38. Rxa2 Rxa2 39. Nb1 Nfe4 0-1